[Event "Calvia Amateur op 20th"]
[Site "Calvia"]
[Date "2023.10.13"]
[Round "7"]
[White "Payeras Vilella, Pedro"]
[Black "Hoffmann, Max"]
[Result "0-1"]
[WhiteElo "1785"]
[BlackElo "2090"]
[PlyCount "58"]
[EventDate "2023.10.07"]
[EventType "swiss"]
[EventRounds "9"]
[EventCountry "ESP"]
[SourceTitle "Mega2024 Update 01"]
[Source "Chessbase"]
[SourceDate "2023.11.12"]
[SourceVersion "1"]
[SourceVersionDate "2023.11.12"]
[SourceQuality "1"]

1. e4 c5 2. Nc3 e6 3. f4 d6 4. Bb5+ Bd7 5. Bxd7+ Nxd7 6. Nf3 Qc7 7. d3 Ngf6 8. 0-0 Be7 9. Qe1 a6 10. a4 b6 11. Qg3 g6 12. b3 Nh5 13. Qe1 Rg8 14. f5 Ng7 15. fxe6 fxe6 16. Ng5 Ne5 17. Qe2 Kd7 18. Nxh7 Qd8 19. Qd2 Rh8 20. Ng5 Bf6 21. Nf3 Qe7 22. Bb2 Raf8 23. Qe2 Nh5 24. Qd2 Qg7 25. Rab1 Nxf3+ 26. Rxf3 Bd4+ 27. Kh1 Qe5 28. Nd1 Ng3+ 29. Rxg3 Rf1# 0-1

[Event "Figueira da Foz Sabir Ali Cup"]
[Site "Figueira da Foz"]
[Date "2022.11.07"]
[Round "2"]
[White "Spraggett, Kevin"]
[Black "Hoffmann, Max"]
[Result "1-0"]
[WhiteElo "2472"]
[BlackElo "2140"]
[PlyCount "45"]
[EventDate "2022.11.06"]
[EventType "swiss"]
[EventRounds "9"]
[EventCountry "POR"]
[SourceTitle "EXT 2024"]
[Source "ChessBase"]
[SourceDate "2023.10.10"]
[SourceVersion "1"]
[SourceVersionDate "2023.10.10"]
[SourceQuality "1"]

1. d4 Nf6 2. c4 g6 3. Nc3 Bg7 4. e4 d6 5. Nf3 0-0 6. Be2 e5 7. Be3 Na6 8. 0-0 Ng4 9. Bg5 Qe8 10. h3 f6 11. Bc1 Nh6 12. Rb1 exd4 13. Nxd4 Nc5 14. Bf3 a5 15. Ndb5 Qd8 16. Be3 Ne6 17. Qd2 Nf7 18. Rbd1 f5 19. exf5 gxf5 20. Be2 f4 21. Bxf4 Nxf4 22. Qxf4 Ne5 23. Qg3 1-0

[Event "Calvia Amateur op 19th"]
[Site "Calvia"]
[Date "2022.10.14"]
[Round "7"]
[White "Hoffmann, Max"]
[Black "Moore, Graham J"]
[Result "1-0"]
[WhiteElo "2098"]
[BlackElo "2218"]
[PlyCount "93"]
[EventDate "2022.10.08"]
[EventType "swiss"]
[EventRounds "9"]
[EventCountry "ESP"]
[SourceTitle "CBM 210 Extra"]
[Source "ChessBase"]
[SourceDate "2022.11.30"]
[SourceVersion "1"]
[SourceVersionDate "2022.11.30"]
[SourceQuality "1"]

1. Nf3 d5 2. c4 e6 3. b3 Nf6 4. g3 Be7 5. Bg2 0-0 6. 0-0 c5 7. e3 Nc6 8. Bb2 d4 9. exd4 cxd4 10. d3 Ne8 11. Na3 f6 12. Nc2 e5 13. Re1 Nc7 14. a3 a5 15. Qd2 Na6 16. Rab1 Nc5 17. b4 Na4 18. Ba1 Qc7 19. h4 axb4 20. axb4 Bf5 21. h5 Qd7 22. Nh4 Bg4 23. h6 g6 24. Kh2 Nd8 25. Bd5+ Be6 26. Bh1 Bd6 27. Re2 Kh8 28. Rbe1 g5 29. Nf3 Qf7 30. Kg1 Bg4 31. c5 Bb8 32. Re4 Bxf3 33. Bxf3 Ne6 34. Nxd4 Naxc5 35. bxc5 Rxa1 36. Rxa1 Nxd4 37. Rxd4 exd4 38. Rb1 Qc7 39. Qb4 Ba7 40. c6 Rb8 41. cxb7 Rd8 42. Qa3 Bb8 43. Rc1 Qd7 44. Rc8 Bd6 45. b8Q Bxb8 46. Qf8+ Rxf8 47. Rxf8# 1-0

[Event "Calvia Amateur op 19th"]
[Site "Calvia"]
[Date "2022.10.13"]
[Round "6"]
[White "Tscharotschkin, Michael"]
[Black "Hoffmann, Max"]
[Result "1/2-1/2"]
[WhiteElo "2123"]
[BlackElo "2098"]
[PlyCount "33"]
[EventDate "2022.10.08"]
[EventType "swiss"]
[EventRounds "9"]
[EventCountry "ESP"]
[SourceTitle "CBM 210 Extra"]
[Source "ChessBase"]
[SourceDate "2022.11.30"]
[SourceVersion "1"]
[SourceVersionDate "2022.11.30"]
[SourceQuality "1"]

1. e4 c5 2. c3 d5 3. exd5 Nf6 4. d4 Nxd5 5. Nf3 cxd4 6. cxd4 g6 7. Nc3 Bg7 8. Be2 0-0 9. 0-0 Nc6 10. h3 a6 11. Re1 h6 12. Bc4 Nxc3 13. bxc3 b5 14. Bb3 e6 15. Be3 Ne7 16. Qd2 Nf5 17. a4 1/2-1/2

[Event "Palma de Mallorca op"]
[Site "Palma de Mallorca"]
[Date "2021.11.26"]
[Round "5"]
[White "Hoffmann, Max"]
[Black "Gretarsson, Helgi Ass"]
[Result "0-1"]
[WhiteElo "2120"]
[BlackElo "2476"]
[PlyCount "76"]
[EventDate "2021.11.22"]
[EventType "swiss"]
[EventRounds "7"]
[EventCountry "ESP"]
[SourceTitle "CBM 205 Extra"]
[Source "ChessBase"]
[SourceDate "2022.01.31"]
[SourceVersion "1"]
[SourceVersionDate "2022.01.31"]
[SourceQuality "1"]

1. Nf3 g6 2. g3 Bg7 3. Bg2 c5 4. d3 Nc6 5. 0-0 d5 6. c3 Nf6 7. h3 0-0 8. Qa4 Nd7 9. e4 d4 10. c4 a6 11. a3 Rb8 12. Qc2 b5 13. cxb5 axb5 14. Nbd2 Qb6 15. b3 Ba6 16. Rb1 Rfc8 17. Ne1 Qa7 18. Qa2 Nb6 19. f4 c4 20. b4 Na4 21. Qc2 cxd3 22. Qxd3 Nxb4 23. Rxb4 Rxc1 24. e5 Rd8 25. Nef3 Rc3 26. Qe4 Nc5 27. Qb1 Rxa3 28. Kh2 Ra4 29. Ng5 e6 30. Rd1 Bf8 31. Rxa4 bxa4 32. Qa2 d3 33. Nde4 Nxe4 34. Bxe4 Rd4 35. Bf3 Bc4 36. Qa1 Bb3 37. Rb1 d2 38. Rxb3 d1Q 0-1

[Event "Palma de Mallorca op"]
[Site "Palma de Mallorca"]
[Date "2021.11.23"]
[Round "2"]
[White "Hoffmann, Max"]
[Black "Marino, Danilo"]
[Result "1-0"]
[WhiteElo "2120"]
[BlackElo "1886"]
[PlyCount "89"]
[EventDate "2021.11.22"]
[EventType "swiss"]
[EventRounds "7"]
[EventCountry "ESP"]
[SourceTitle "CBM 205 Extra"]
[Source "ChessBase"]
[SourceDate "2022.01.31"]
[SourceVersion "1"]
[SourceVersionDate "2022.01.31"]
[SourceQuality "1"]

1. Nf3 d5 2. c4 d4 3. b4 g5 4. Bb2 Bg7 5. e3 e5 6. exd4 exd4 7. d3 g4 8. Nfd2 c5 9. bxc5 Nc6 10. Ne4 Bf8 11. Ba3 Be7 12. Be2 Nf6 13. Nd6+ Kf8 14. 0-0 Rg8 15. Qd2 Rg6 16. Qf4 Qc7 17. Qc1 Be6 18. Nd2 Nd7 19. Nb3 Nxc5 20. Nxc5 Bxd6 21. Nxe6+ fxe6 22. Qf4+ Ke7 23. Bxg4 Rf8 24. Bxd6+ Qxd6 25. Qxd6+ Kxd6 26. Be2 b6 27. Kh1 Rgf6 28. Kg1 Ne5 29. Rab1 Ng6 30. Bf3 Nf4 31. Rb5 h6 32. h4 e5 33. Rd1 Rg8 34. Rd2 Ne6 35. Rd5+ Kc7 36. Be4 Nc5 37. Rxe5 Re6 38. Rxe6 Nxe6 39. Bd5 Rg6 40. Bxe6 Rxe6 41. g3 Re1+ 42. Kg2 a5 43. Kf3 a4 44. Re2 Ra1 45. Ke4 1-0

[Event "Mittelrhein Regionalliga 18/19"]
[Site "Nordrheinwestfalen"]
[Date "2019.03.10"]
[Round "8.2"]
[White "Draftian, Ashote"]
[Black "Hoffmann, Max"]
[Result "1-0"]
[WhiteElo "2236"]
[BlackElo "2144"]
[PlyCount "105"]
[EventDate "2018.10.28"]
[EventType "team-tourn"]
[EventRounds "11"]
[EventCountry "GER"]
[SourceTitle "EXT 2022"]
[Source "ChessBase"]
[SourceDate "2021.10.06"]
[SourceVersion "1"]
[SourceVersionDate "2021.10.06"]
[SourceQuality "1"]
[WhiteTeam "Alsdorf SVG"]
[BlackTeam "Aachen DJK Aufwärts III"]
[WhiteTeamCountry "GER"]
[BlackTeamCountry "GER"]

1. f4 g6 2. Nf3 Bg7 3. e3 d6 4. d4 Nf6 5. c4 Bg4 6. h3 Bf5 7. Nc3 Nbd7 8. g4 Be4 9. g5 Bxf3 10. Qxf3 Nh5 11. Qxb7 Ng3 12. Rg1 Nxf1 13. Rxf1 0-0 14. Qg2 e5 15. fxe5 dxe5 16. d5 Nc5 17. e4 Nd3+ 18. Kd1 f5 19. gxf6 Rxf6 20. Rxf6 Qxf6 21. Be3 Rf8 22. Kc2 Nf4 23. Qf3 c6 24. Rd1 cxd5 25. cxd5 Qa6 26. Qg4 Kh8 27. Qd7 Rc8 28. Qxa7 Qc4 29. Kb1 Ne2 30. Bd2 h6 31. Qe3 Nd4 32. Bc1 Rf8 33. Qd3 Qb4 34. Rf1 Rb8 35. Ne2 Nb5 36. Ka1 Nd6 37. Nc3 Rc8 38. Rg1 g5 39. Rf1 Rc4 40. Re1 Rc7 41. Rf1 Ra7 42. Qe2 Rc7 43. Qa6 Rc4 44. a3 Qc5 45. Be3 Qc7 46. Nb5 Nxb5 47. Qxb5 Rxe4 48. Qc6 Qb8 49. Ba7 Qg8 50. d6 Re2 51. d7 Kh7 52. Qf3 Rxb2 53. Qe4+ 1-0

[Event "Mittelrhein Regionalliga 18/19"]
[Site "Nordrheinwestfalen"]
[Date "2018.09.02"]
[Round "1.3"]
[White "Suppert, Timur"]
[Black "Hoffmann, Max"]
[Result "1-0"]
[WhiteElo "2062"]
[BlackElo "2121"]
[PlyCount "93"]
[EventDate "2018.10.28"]
[EventType "team-tourn"]
[EventRounds "11"]
[EventCountry "GER"]
[SourceTitle "EXT 2022"]
[Source "ChessBase"]
[SourceDate "2021.10.06"]
[SourceVersion "1"]
[SourceVersionDate "2021.10.06"]
[SourceQuality "1"]
[WhiteTeam "Bonn Stadtverwaltung"]
[BlackTeam "Aachen DJK Aufwärts III"]
[WhiteTeamCountry "GER"]
[BlackTeamCountry "GER"]

1. d4 Nf6 2. Bg5 c5 3. d5 Qb6 4. Nc3 h6 5. Bd2 e6 6. e4 exd5 7. exd5 Be7 8. Bd3 0-0 9. Nge2 Na6 10. 0-0 d6 11. Ng3 Ng4 12. Bf5 Ne5 13. Nce4 Nc4 14. Bc3 Re8 15. Bxg7 Kxg7 16. Qg4+ Kf8 17. Nh5 Bg5 18. Nxg5 Bxf5 19. Qxf5 hxg5 20. Qxg5 Ne5 21. f4 Nd7 22. Qg7+ Ke7 23. Rae1+ Kd8 24. Rxe8+ Kxe8 25. Qg8+ Ke7 26. Re1+ Ne5 27. Qxa8 c4+ 28. Kf1 c3 29. bxc3 Qb5+ 30. Kg1 Qc5+ 31. Kh1 Qxc3 32. Rf1 Ng4 33. Qxb7+ Nc7 34. Qc6 Qa5 35. h3 Ne3 36. Rf3 Ncxd5 37. c4 Qe1+ 38. Kh2 Nc3 39. Qc7+ Ke6 40. Ng7+ Kf6 41. Ne8+ Kf5 42. Nxd6+ Ke6 43. f5+ Ke5 44. Qc5+ Ncd5 45. cxd5 Ng4+ 46. hxg4 Qh4+ 47. Rh3 1-0

[Event "Mittelrhein Regionalliga 1718"]
[Site "Nordrheinwestfalen"]
[Date "2018.01.14"]
[Round "5.5"]
[White "Huelsmann, Josef"]
[Black "Hoffmann, Max"]
[Result "0-1"]
[WhiteElo "2126"]
[BlackElo "2096"]
[PlyCount "68"]
[EventDate "2017.09.10"]
[EventType "team-tourn"]
[EventRounds "9"]
[EventCountry "GER"]
[SourceTitle "EXT 2022"]
[Source "ChessBase"]
[SourceDate "2021.10.06"]
[SourceVersion "1"]
[SourceVersionDate "2021.10.06"]
[SourceQuality "1"]
[WhiteTeam "Langenfeld"]
[BlackTeam "Aachen DJK Aufwärts III"]
[WhiteTeamCountry "GER"]
[BlackTeamCountry "GER"]

1. d4 Nf6 2. Bg5 c5 3. Bxf6 exf6 4. c3 cxd4 5. cxd4 d5 6. Nc3 Nc6 7. e3 Be6 8. Nge2 Bd6 9. g3 a6 10. Bg2 Bc7 11. 0-0 h5 12. Nf4 Bxf4 13. gxf4 h4 14. f5 Bxf5 15. Bxd5 Rh6 16. Kh1 g5 17. Qb3 Qd7 18. f3 Rg6 19. Rac1 Bh3 20. Rf2 f5 21. Rg1 Rc8 22. Qd1 Na5 23. e4 Rg7 24. Qd2 f6 25. Re1 f4 26. a3 Nc4 27. Bxc4 Rxc4 28. Nd5 Rc6 29. Rc1 Kf7 30. Rxc6 bxc6 31. Nc3 g4 32. Qxf4 Qxd4 33. Rd2 Qc4 34. Qc7+ Kg6 0-1

[Event "Mittelrhein Regionalliga 1718"]
[Site "Nordrheinwestfalen"]
[Date "2017.12.03"]
[Round "4.4"]
[White "Lindam, Ingo"]
[Black "Hoffmann, Max"]
[Result "1-0"]
[WhiteElo "2067"]
[BlackElo "2096"]
[PlyCount "55"]
[EventDate "2017.09.10"]
[EventType "team-tourn"]
[EventRounds "9"]
[EventCountry "GER"]
[SourceTitle "EXT 2022"]
[Source "ChessBase"]
[SourceDate "2021.10.06"]
[SourceVersion "1"]
[SourceVersionDate "2021.10.06"]
[SourceQuality "1"]
[WhiteTeam "Koeln Lasker"]
[BlackTeam "Aachen DJK Aufwärts III"]
[WhiteTeamCountry "GER"]
[BlackTeamCountry "GER"]

1. d4 Nf6 2. Bg5 c5 3. Nc3 Qb6 4. d5 h6 5. Bd2 e5 6. e4 d6 7. a4 Be7 8. a5 Qd8 9. Bb5+ Nbd7 10. Nf3 0-0 11. g4 Nxg4 12. Rg1 h5 13. h3 Ngf6 14. Nh4 Kh7 15. Nf5 Rg8 16. Bg5 g6 17. Nxe7 Qxe7 18. Bxd7 Bxd7 19. Rg3 Bxh3 20. Rxh3 Qd7 21. Qf3 Ng4 22. 0-0-0 Kg7 23. Rg1 Kf8 24. Rh4 b5 25. Qe2 b4 26. Nb1 f6 27. Bd2 Qh7 28. Rgxg4 1-0

[Event "Mittelrhein Regionalliga 16/17"]
[Site "Nordrheinwestfalen"]
[Date "2017.04.30"]
[Round "11.2"]
[White "Kolkin, Michail"]
[Black "Hoffmann, Max"]
[Result "1/2-1/2"]
[WhiteElo "2307"]
[BlackElo "2057"]
[PlyCount "25"]
[EventDate "2016.09.11"]
[EventType "team-tourn"]
[EventRounds "11"]
[EventCountry "GER"]
[SourceTitle "EXT 2022"]
[Source "ChessBase"]
[SourceDate "2021.10.06"]
[SourceVersion "1"]
[SourceVersionDate "2021.10.06"]
[SourceQuality "1"]
[WhiteTeam "Siegburg"]
[BlackTeam "Aachen DJK Aufwärts III"]
[WhiteTeamCountry "GER"]
[BlackTeamCountry "GER"]

1. Nf3 Nf6 2. g3 g6 3. b3 Bg7 4. Bb2 d6 5. d4 c6 6. Bg2 0-0 7. 0-0 Qa5 8. Nbd2 Qh5 9. e4 Bg4 10. c4 Na6 11. a3 Nc7 12. b4 Bh6 13. Qc2 1/2-1/2

[Event "Mittelrhein Regionalliga 16/17"]
[Site "Nordrheinwestfalen"]
[Date "2016.10.02"]
[Round "2.4"]
[White "Lindam, Ingo"]
[Black "Hoffmann, Max"]
[Result "0-1"]
[WhiteElo "2071"]
[BlackElo "2057"]
[PlyCount "136"]
[EventDate "2016.09.11"]
[EventType "team-tourn"]
[EventRounds "11"]
[EventCountry "GER"]
[SourceTitle "EXT 2022"]
[Source "ChessBase"]
[SourceDate "2021.10.06"]
[SourceVersion "1"]
[SourceVersionDate "2021.10.06"]
[SourceQuality "1"]
[WhiteTeam "Koeln Lasker"]
[BlackTeam "Aachen DJK Aufwärts III"]
[WhiteTeamCountry "GER"]
[BlackTeamCountry "GER"]

1. d4 Nf6 2. Bg5 c5 3. Nc3 cxd4 4. Qxd4 Nc6 5. Qh4 d6 6. 0-0-0 Be6 7. e4 Qa5 8. a3 0-0-0 9. f4 Kb8 10. Nf3 Ne8 11. f5 Bd7 12. Nd5 f6 13. Bd2 Qa4 14. Nc3 Qa5 15. Nd5 Qa4 16. Nc3 Qa5 17. Bc4 Rc8 18. Nd5 Qd8 19. Bc3 Nc7 20. Rhe1 Na8 21. Bb3 Na5 22. Bxa5 Qxa5 23. Nf4 Nb6 24. Ng6 hxg6 25. Qxh8 Ba4 26. Nd4 e5 27. fxe6 d5 28. exd5 Bc5 29. Qxc8+ Nxc8 30. Bxa4 Qxa4 31. Nb3 Be7 32. Rd4 Qb5 33. Nd2 Qb6 34. Rd3 Qf2 35. Rd1 Qxg2 36. Nc4 Nd6 37. Nxd6 Bxd6 38. Re1 Qg5+ 39. Kb1 f5 40. Rde3 Qe7 41. c4 a5 42. Rc3 b6 43. c5 bxc5 44. Rb3+ Kc7 45. Rb5 Qe8 46. a4 f4 47. Rxa5 Kb6 48. Rb5+ Ka6 49. e7 f3 50. Re6 f2 51. Rxd6+ Ka7 52. Ra5+ Kb7 53. Rb5+ Kc7 54. Rc6+ Qxc6 55. dxc6 f1Q+ 56. Ka2 Qf7+ 57. Rb3 Kxc6 58. Ka3 Qxe7 59. a5 Qe1 60. Rb6+ Kd5 61. Ka4 Qa1+ 62. Kb5 Qxb2+ 63. Ka6 Qa3 64. h4 c4 65. Rb5+ Kc6 66. Rb6+ Kc7 67. Kb5 c3 68. Rc6+ Kd7 0-1

[Event "Mittelrhein Regionalliga 15/16"]
[Site "Nordrheinwestfalen"]
[Date "2016.02.21"]
[Round "7.4"]
[White "Hoffmann, Max"]
[Black "Peters, Alex"]
[Result "0-1"]
[WhiteElo "1986"]
[BlackElo "2187"]
[PlyCount "71"]
[EventDate "2015.09.27"]
[EventType "team-tourn"]
[EventRounds "9"]
[EventCountry "GER"]
[SourceTitle "EXT 2022"]
[Source "ChessBase"]
[SourceDate "2021.10.06"]
[SourceVersion "1"]
[SourceVersionDate "2021.10.06"]
[SourceQuality "1"]
[WhiteTeam "Aachen DJK Aufwärts III"]
[BlackTeam "Bruehl"]
[WhiteTeamCountry "GER"]
[BlackTeamCountry "GER"]

1. e4 e6 2. d3 d5 3. Nd2 Be7 4. g3 dxe4 5. dxe4 e5 6. Ngf3 Nd7 7. Bg2 Ngf6 8. 0-0 0-0 9. Qe2 c6 10. Rd1 Qc7 11. Nf1 Nc5 12. Nh4 g6 13. Bg5 Ng4 14. Bxe7 Qxe7 15. h3 Nf6 16. c3 b6 17. b4 Na4 18. Qe3 Nb2 19. Re1 Ba6 20. Qh6 Kh8 21. a4 Rfd8 22. b5 Ng8 23. Qe3 cxb5 24. axb5 Bxb5 25. Reb1 Nc4 26. Qe2 a6 27. Qa2 Kg7 28. Rb4 Qc5 29. Nf3 Nf6 30. Ng5 h6 31. Nxf7 Kxf7 32. Ne3 Rd2 33. Qb3 Rb2 34. Rxb5 axb5 35. Qxb2 Nxb2 36. Rxa8 0-1

[Event "Mittelrhein Regionalliga 15/16"]
[Site "Nordrheinwestfalen"]
[Date "2015.09.27"]
[Round "1.6"]
[White "Proba, Stefan"]
[Black "Hoffmann, Max"]
[Result "1/2-1/2"]
[WhiteElo "1950"]
[BlackElo "1986"]
[PlyCount "81"]
[EventDate "2015.09.27"]
[EventType "team-tourn"]
[EventRounds "9"]
[EventCountry "GER"]
[SourceTitle "EXT 2022"]
[Source "ChessBase"]
[SourceDate "2021.10.06"]
[SourceVersion "1"]
[SourceVersionDate "2021.10.06"]
[SourceQuality "1"]
[WhiteTeam "Koeln Ford SF"]
[BlackTeam "Aachen DJK Aufwärts III"]
[WhiteTeamCountry "GER"]
[BlackTeamCountry "GER"]

1. d4 Nf6 2. c4 g6 3. Nc3 Bg7 4. e4 d6 5. f4 0-0 6. Nf3 Na6 7. Be2 e5 8. fxe5 dxe5 9. d5 Nc5 10. Qc2 Nfxe4 11. Nxe4 Bf5 12. Bd3 Bxe4 13. Bxe4 f5 14. Bxf5 Rxf5 15. 0-0 e4 16. Be3 exf3 17. Bxc5 c6 18. Rxf3 Rxf3 19. gxf3 cxd5 20. Rd1 d4 21. Kh1 Qh4 22. Qe4 Qxe4 23. fxe4 b6 24. Bd6 Re8 25. e5 Bxe5 26. Bxe5 Rxe5 27. Rxd4 Re1+ 28. Kg2 Re2+ 29. Kg3 a5 30. Rd8+ Kg7 31. Rb8 Rxb2 32. c5 Rxa2 33. Rxb6 Rc2 34. c6 a4 35. Ra6 a3 36. Rxa3 Rxc6 37. h4 Rc5 38. Rf3 Rf5 39. Ra3 Kh6 40. Ra7 Rb5 41. Rc7 1/2-1/2

[Event "Skopje Karposh op"]
[Site "Skopje"]
[Date "2014.04.04"]
[Round "8"]
[White "Cvetkovski, Slobodan"]
[Black "Hoffmann, Max"]
[Result "0-1"]
[WhiteElo "1876"]
[BlackElo "2063"]
[PlyCount "106"]
[EventDate "2014.03.29"]
[EventType "swiss"]
[EventRounds "9"]
[EventCountry "MKD"]
[SourceTitle "CBM 159 Extra"]
[Source "ChessBase"]
[SourceDate "2014.04.24"]
[SourceVersion "1"]
[SourceVersionDate "2014.04.24"]
[SourceQuality "1"]

1. e4 c5 2. Nf3 d6 3. d4 cxd4 4. Nxd4 Nf6 5. Nc3 a6 6. Bc4 e6 7. Be3 b5 8. Bd3 Bb7 9. f3 Nbd7 10. Qd2 Be7 11. 0-0-0 b4 12. Na4 d5 13. Rhe1 Qa5 14. b3 dxe4 15. fxe4 0-0 16. Kb1 Bxe4 17. Nf3 Bxd3 18. Qxd3 Rfd8 19. Qe2 Nd5 20. Bd4 Bf6 21. Qe4 Rac8 22. Ne5 Nxe5 23. Bxe5 Bxe5 24. Qxe5 Qc7 25. Qxc7 Rxc7 26. Kc1 Rdc8 27. Re2 Rc6 28. Rdd2 f6 29. Kd1 Kf7 30. Ke1 R8c7 31. g3 f5 32. Kf2 Nf6 33. Ke3 Ne4 34. Rd4 a5 35. c4 bxc3 36. Rc2 g5 37. Rd3 Kf6 38. Rd8 Rc8 39. Rxc8 Rxc8 40. Nb6 Rd8 41. Nc4 Rd5 42. Nb6 Rd2 43. Rxd2 cxd2 44. Ke2 f4 45. Nc4 f3+ 46. Kd1 f2 47. Ne3 Ke5 48. a3 Kd4 49. Ke2 Kc3 50. b4 axb4 51. axb4 Kxb4 52. Nc2+ Kc3 53. Ne3 Kb2 0-1

[Event "Skopje Karposh op"]
[Site "Skopje"]
[Date "2014.03.30"]
[Round "2"]
[White "Gaberov, Toshe"]
[Black "Hoffmann, Max"]
[Result "0-1"]
[WhiteElo "1731"]
[BlackElo "2063"]
[PlyCount "58"]
[EventDate "2014.03.29"]
[EventType "swiss"]
[EventRounds "9"]
[EventCountry "MKD"]
[SourceTitle "CBM 159 Extra"]
[Source "ChessBase"]
[SourceDate "2014.04.24"]
[SourceVersion "1"]
[SourceVersionDate "2014.04.24"]
[SourceQuality "1"]

1. Nf3 Nf6 2. c4 g6 3. Nc3 Bg7 4. g3 d6 5. Bg2 c6 6. 0-0 0-0 7. Re1 Qa5 8. d3 Qh5 9. Bg5 Bg4 10. Qc1 Nbd7 11. Nd1 a5 12. Bd2 Bxf3 13. exf3 Qf5 14. d4 e5 15. Ne3 Qe6 16. Bc3 Qe8 17. Qd2 Qd8 18. Rad1 Qc7 19. Ng4 Rfd8 20. Qg5 Nxg4 21. fxg4 h6 22. Qd2 exd4 23. Bxd4 Ne5 24. Qe2 Re8 25. Bc3 Re6 26. h3 Rae8 27. Qe4 a4 28. Qd4 Nf3+ 29. Bxf3 Rxe1+ 0-1

[Event "Skopje Karposh op"]
[Site "Skopje"]
[Date "2014.03.30"]
[Round "3"]
[White "Hoffmann, Max"]
[Black "Nestorovic, Lazar"]
[Result "0-1"]
[WhiteElo "2063"]
[BlackElo "2381"]
[PlyCount "124"]
[EventDate "2014.03.29"]
[EventType "swiss"]
[EventRounds "9"]
[EventCountry "MKD"]
[SourceTitle "CBM 159 Extra"]
[Source "ChessBase"]
[SourceDate "2014.04.24"]
[SourceVersion "1"]
[SourceVersionDate "2014.04.24"]
[SourceQuality "1"]

1. Nf3 Nf6 2. c4 g6 3. b4 Bg7 4. Bb2 0-0 5. g3 a5 6. a3 d6 7. Bg2 e5 8. d3 Nh5 9. Nc3 f5 10. 0-0 Nc6 11. b5 Ne7 12. Qc2 h6 13. Na4 Be6 14. Nd2 Qc8 15. d4 e4 16. d5 Bf7 17. Bxg7 Kxg7 18. f3 exf3 19. exf3 Qd7 20. Rae1 Nc8 21. f4 Nb6 22. Nc3 Qd8 23. Ne2 Qf6 24. Qd3 Nd7 25. Nb3 a4 26. Nbd4 Nc5 27. Qc2 Kg8 28. Qd1 Qg7 29. Nc3 Rfe8 30. Bf3 Nb3 31. Nce2 Nf6 32. Nxb3 axb3 33. Qxb3 Nd7 34. Rc1 g5 35. Rfe1 Nc5 36. Qc3 gxf4 37. Qxg7+ Kxg7 38. Nxf4 Rxe1+ 39. Rxe1 Rxa3 40. Kg2 Kf6 41. Rb1 b6 42. Rc1 Nb3 43. Re1 Nd2 44. Nh5+ Kg5 45. h4+ Kg6 46. Nf4+ Kg7 47. Bh5 Bxh5 48. Nxh5+ Kf7 49. Re6 Nxc4 50. Rf6+ Ke7 51. Re6+ Kd7 52. Nf4 Ne3+ 53. Kh2 Ng4+ 54. Kg2 Ra2+ 55. Kg1 Rb2 56. Rg6 Rxb5 57. Rg7+ Kc8 58. Rh7 Rb1+ 59. Kg2 Rb2+ 60. Kg1 b5 61. Kf1 b4 62. Ke1 b3 0-1

[Event "Skopje Karposh op"]
[Site "Skopje"]
[Date "2014.03.29"]
[Round "1"]
[White "Hoffmann, Max"]
[Black "Djukic, Nikola"]
[Result "0-1"]
[WhiteElo "2063"]
[BlackElo "2551"]
[PlyCount "93"]
[EventDate "2014.03.29"]
[EventType "swiss"]
[EventRounds "9"]
[EventCountry "MKD"]
[SourceTitle "CBM 159 Extra"]
[Source "ChessBase"]
[SourceDate "2014.04.24"]
[SourceVersion "1"]
[SourceVersionDate "2014.04.24"]
[SourceQuality "1"]

1. Nf3 Nf6 2. c4 g6 3. b4 Bg7 4. Bb2 c6 5. g3 a5 6. bxa5 Qxa5 7. Bg2 Na6 8. Qc2 Nc5 9. Nc3 Qb4 10. d3 Na4 11. Qb3 Qa5 12. Qxa4 Qxa4 13. Nxa4 Rxa4 14. 0-0 0-0 15. Rfb1 d6 16. Ne1 e5 17. Nc2 Nd7 18. Bc3 Nc5 19. Rb4 Ra7 20. a4 Bg4 21. f3 Be6 22. a5 Rfa8 23. Rb2 e4 24. Bxg7 exd3 25. Nb4 Kxg7 26. Nxd3 Bxc4 27. Nxc5 dxc5 28. Rc1 Bb5 29. Rxc5 Rxa5 30. f4 Ra2 31. Rb1 Rxe2 32. Bf1 Rd2 33. Bxb5 cxb5 34. Rcxb5 Raa2 35. h4 Rg2+ 36. Kf1 Rh2 37. Kg1 Rag2+ 38. Kf1 Rxg3 39. h5 Rh4 40. Kf2 Rgg4 41. hxg6 Rxf4+ 42. Kg3 hxg6 43. Rxb7 Rhg4+ 44. Kh3 Rg5 45. Rb8 Rf3+ 46. Kh4 Rg2 47. R1b5 0-1

[Event "Eschborn op 10th"]
[Site "Eschborn"]
[Date "2013.08.31"]
[Round "2"]
[White "Hoffmann, Max"]
[Black "Bethke, Robert"]
[Result "1-0"]
[WhiteElo "2120"]
[BlackElo "1154"]
[PlyCount "39"]
[EventDate "2013.08.30"]
[EventType "swiss"]
[EventRounds "5"]
[EventCountry "GER"]
[SourceTitle "EXT 2014"]
[Source "ChessBase"]
[SourceDate "2013.11.20"]
[SourceVersion "1"]
[SourceVersionDate "2013.11.20"]
[SourceQuality "1"]

1. Nf3 d5 2. c4 c6 3. b3 Nf6 4. Bb2 e6 5. d4 Be7 6. Nbd2 0-0 7. e3 h6 8. Bd3 Nbd7 9. Rc1 c5 10. 0-0 cxd4 11. exd4 Nb6 12. Qe2 dxc4 13. bxc4 Bd7 14. Ne5 Rc8 15. Ne4 Rb8 16. Nxf6+ Bxf6 17. Qe4 Re8 18. Qh7+ Kf8 19. Qh8+ Ke7 20. Ba3# 1-0

[Event "Eschborn op 10th"]
[Site "Eschborn"]
[Date "2013.08.31"]
[Round "3"]
[White "Schellen, Sven"]
[Black "Hoffmann, Max"]
[Result "1/2-1/2"]
[WhiteElo "1685"]
[BlackElo "2120"]
[PlyCount "69"]
[EventDate "2013.08.30"]
[EventType "swiss"]
[EventRounds "5"]
[EventCountry "GER"]
[SourceTitle "EXT 2014"]
[Source "ChessBase"]
[SourceDate "2013.11.20"]
[SourceVersion "1"]
[SourceVersionDate "2013.11.20"]
[SourceQuality "1"]

1. d4 Nf6 2. c4 g6 3. Nc3 Bg7 4. Nf3 0-0 5. Bf4 c6 6. e3 a6 7. a4 a5 8. Bd3 Na6 9. Rc1 d6 10. h3 Nd7 11. 0-0 Qb6 12. Qe2 e5 13. Bh2 Re8 14. c5 dxc5 15. dxe5 Nxe5 16. Nxe5 Bxe5 17. Bxe5 Rxe5 18. Bc4 Be6 19. Rfd1 Nb4 20. Bxe6 Rxe6 21. Rd7 Rd8 22. Rcd1 Rxd7 23. Rxd7 Kf8 24. Qf3 Re7 25. Rd6 Qc7 26. Qf6 Kg8 27. e4 Rd7 28. e5 Nd5 29. Nxd5 cxd5 30. h4 h5 31. g4 Rxd6 32. exd6 Qd7 33. Qe7 Qxg4+ 34. Kh2 Qf4+ 35. Kg2 1/2-1/2